000 00417nam a2200157Ia 4500
008 240729s9999 xx 000 0 und d
022 _a2768-0622
245 0 _aClinical and Translational Discovery
260 _aAustralia
260 _bWiley
650 _a Therapeutics. Pharmacology
650 _aMedicine
856 _uhttps://doaj.org/toc/602abac31af448b1b1f3044e72007347
942 _2ddc
942 _cDOAJEJ
999 _c72077
_d72077
945 _a1
_bMadushi Gamage
_c1
_dMadushi Gamage